Catálogo público

Claves de determinación botánica (con enfásis en familias de árboles) / (Registro nro. 199219)

Detalles MARC
000 -CABECERA
campo de control de longitud fija 00922nam a2200301Ia 4500
001 - NÚMERO DE CONTROL
campo de control Para_464
003 - IDENTIFICADOR DEL NÚMERO DE CONTROL
campo de control CHAP
008 - DATOS DE LONGITUD FIJA--INFORMACIÓN GENERAL
campo de control de longitud fija 220125s2000 xx 000 0 und d
010 ## - NÚMERO DE CONTROL DE LA BIBLIOTECA DEL CONGRESO
Número de control de LC 199219
040 ## - FUENTE DE LA CATALOGACIÓN
Centro/agencia transcriptor CHAP
082 ## - NÚMERO DE LA CLASIFICACIÓN DECIMAL DEWEY
Número de clasificación PA 580.12 P4
100 ## - ENTRADA PRINCIPAL--NOMBRE DE PERSONA
Nombre de persona Pérez Rodríguez, Patricia Margarita
9 (RLIN) 89987
245 ## - MENCIÓN DE TÍTULO
Título Claves de determinación botánica (con enfásis en familias de árboles) /
Mención de responsabilidad, etc. por Patricia Margarita Pérez Rodríguez
260 ## - PUBLICACIÓN, DISTRIBUCIÓN, ETC.
Lugar de publicación, distribución, etc. Chapingo, Méx. :
Nombre del editor, distribuidor, etc. UACh
300 ## - DESCRIPCIÓN FÍSICA
Extensión 307 p.
650 ## - PUNTO DE ACCESO ADICIONAL DE MATERIA--TÉRMINO DE MATERIA
Término de materia o nombre geográfico como elemento de entrada Anatomía vegetal
9 (RLIN) 5495
650 ## - PUNTO DE ACCESO ADICIONAL DE MATERIA--TÉRMINO DE MATERIA
Término de materia o nombre geográfico como elemento de entrada Botánica
Subdivisión general clasificación
9 (RLIN) 14516
650 ## - PUNTO DE ACCESO ADICIONAL DE MATERIA--TÉRMINO DE MATERIA
Término de materia o nombre geográfico como elemento de entrada Botánica agrícola
9 (RLIN) 14652
650 ## - PUNTO DE ACCESO ADICIONAL DE MATERIA--TÉRMINO DE MATERIA
Término de materia o nombre geográfico como elemento de entrada Botánica forestal
9 (RLIN) 14679
710 2# - PUNTO DE ACCESO ADICIONAL--NOMBRE DE ENTIDAD CORPORATIVA
Nombre de entidad corporativa o nombre de jurisdicción como elemento de entrada Universidad Autónoma Chapingo
9 (RLIN) 143749
901 ## - ELEMENTOS DE DATOS A LOCAL LDA (RLIN)
a PA 580.12 P4
902 ## - ELEMENTOS DE DATOS B LOCAL, LDB (RLIN)
a A
905 ## - ELEMENTOS DE DATOS E LOCAL, LDE (RLIN)
a 0000002000 n 0000000000 00
910 ## - DATOS DE OPCIÓN DEL USUARIO (OCLC)
Datos de opción del usuario 2000
942 ## - ELEMENTOS DE PUNTO DE ACCESO ADICIONAL (KOHA)
Tipo de ítem Koha Parasitologia_
942 ## - ELEMENTOS DE PUNTO DE ACCESO ADICIONAL (KOHA)
Tipo de ítem Koha Parasitologia_
-- 1
Existencias
Estado de retiro Estado de pérdida Fuente del sistema de clasificación o colocación Estado dañado Restricciones de uso No para préstamo Código de colección Localización permanente Ubicación/localización actual Fecha de adquisición Información codificada de la localización en otra ubicación Número de inventario Total de préstamos Signatura topográfica completa Código de barras Fecha visto por última vez Número de copia Precio válido a partir de Tipo de ítem Koha Nota pública
    Dewey Decimal Classification   Préstamo 3 días   General Parasitologia Agricola Parasitologia Agricola 27/10/2005 PARA (PA_8307) (No. UACh C/E)   PA 580.12 P4 4102000383 25/01/2022 Ej.2 25/01/2022 Libro 3
    Dewey Decimal Classification   Préstamo interno   General Parasitologia Agricola Parasitologia Agricola 27/10/2005 PARA (PA_7094) (No. UACh C/E)   PA 580.12 P4 4102000382 25/01/2022 Ej.1 25/01/2022 Libro 3